Композиция в русском народном искусстве (на материалах изделий из дерева): учебное пособие

Dettagli Bibliografici
Autore principale: Кошаев В. Б. Владимир Борисович
Riassunto:В учебно-методическом пособии систематизирован обширный материал по композиции в русском народном искусстве с точки зрения ее содержания: структуры, средств и приемов, основных понятий и истории развития. Общие тенденции композиции иллюстрируются материалами резьбы и росписи по дереву. Пособие предназначено студентам, обучающимся на художественных и художественно-педагогических специальностях и тем, кто интересуется декоративно-прикладным искусством.
Lingua:russo
Pubblicazione: Москва, Владос, 2006
Serie:Изобразительное искусство
Учебное пособие для вузов
Soggetti:
Natura: Libro
KOHA link:https://koha.lib.tpu.ru/cgi-bin/koha/opac-detail.pl?biblionumber=189315

MARC

LEADER 00000nam0a2200000 4500
001 189315
005 20231101224209.0
010 |a 5691015850 
035 |a (RuTPU)RU\TPU\book\205742 
090 |a 189315 
100 |a 20101222d2006 m y0rusy50 ca 
101 0 |a rus 
102 |a RU 
105 |a a j 001zy 
200 1 |a Композиция в русском народном искусстве (на материалах изделий из дерева)  |e учебное пособие  |f В. Б. Кошаев 
210 |a Москва  |c Владос  |d 2006 
215 |a 120 с.  |c ил. 
225 1 |a Изобразительное искусство 
225 1 |a Учебное пособие для вузов 
320 |a Библиогр.: с. 118-119. 
330 |a В учебно-методическом пособии систематизирован обширный материал по композиции в русском народном искусстве с точки зрения ее содержания: структуры, средств и приемов, основных понятий и истории развития. Общие тенденции композиции иллюстрируются материалами резьбы и росписи по дереву. Пособие предназначено студентам, обучающимся на художественных и художественно-педагогических специальностях и тем, кто интересуется декоративно-прикладным искусством. 
606 1 |a Обработка дерева художественная  |2 stltpush  |3 (RuTPU)RU\TPU\subj\46589  |9 65709 
610 1 |a прикладное искусство 
610 1 |a композиции 
610 1 |a русское искусство 
610 1 |a декор 
610 1 |a декорирование 
610 1 |a стили 
610 1 |a резьба по дереву 
610 1 |a роспись 
610 1 |a жанры 
610 1 |a учебные пособия 
610 1 |a дерево 
610 1 |a художественная обработка 
675 |a 745.51(075.8)  |v 3 
700 1 |a Кошаев  |b В. Б.  |g Владимир Борисович 
801 1 |a RU  |b 63413507  |c 20101222 
801 2 |a RU  |b 63413507  |c 20181008  |g RCR 
900 |a Композиция 
942 |c BK 
951 |b 072600 
959 |a 81/20101108  |d 1  |e 127,05  |f ЧЗГЛ:1